| 000 | 01002nam a2200253 a 4500 | ||
|---|---|---|---|
| 005 | 20210223125728.0 | ||
| 008 | 051007s2004 mx r 000 0 spa d | ||
| 020 | _a9682470811 | ||
| 035 | _aUPN01000140561 | ||
| 049 | _aCG | ||
| 050 | 4 |
_aQA76.76 06.3 _bB6.7 2004 |
|
| 100 | 1 | _aBoqué, Carlos | |
| 245 | 1 | 0 |
_aTodo el Windows XP en un solo libro / _cCarlos Boqué. |
| 250 | _a2a ed. | ||
| 260 |
_aMéxico : _bTrillas : _bGYR, _c2004. |
||
| 300 |
_a316 p. : _bil. |
||
| 440 | 0 |
_aColección de computación ; _v54 |
|
| 500 | _a"Por fin al alcance del usuario común, un libro que desarrolla exhaustivamente toda la información necesaria para conocer y utilizar a fondo todo el potencial de Windows XP, el sistema operativo más esperado por el mercado informático" | ||
| 650 | 4 |
_aWINDOWS (PROGRAMAS PARA COMPUTADORA) _95928 |
|
| 650 | 4 |
_aSISTEMAS OPERATIVOS (COMPUTADORAS) _95927 |
|
| 650 | 4 |
_aWORD (ARCHIVO PARA COMPUTADORA) _91069 |
|
| 740 | 0 | _aWindows XP, en un solo libro | |
| 905 | _aLibro | ||
| 999 |
_c112709 _d112709 |
||